00839cam a22003132 4500001001100000005001700011008004100028020002900069020003200098040001500130100003200145245005800177250004300235260003800278300004300316650005100359650005100410700003400461852000300495852000300498852000300501852000300504852000300507852000300510852000300513852000300516852000300519852000300522000002143520151217145937.0120514s xx 000 0 eng d a0414048225 (main work) : a0414048249 (2nd supplement) aKABUcKABU1 aArchbold, J. F.@000018228510aArchbold :bcriminal pleading, evidence and practice. a2012 ed. /beditor, P. J. Richardson. aLondon :bSweet & Maxwell,c2012. acccvlviii, 3111 p. +e2nd supplement. 0aCriminal procedurezGreat Britain.@0000177808 0aEvidence, criminalzGreat Britain.@00001816080 aRichardson, P. J.@00001822861 1 1 1 1 1 1 1 1 1